| 000 | 00770nam a2200121Ia 4500 | ||
|---|---|---|---|
| 008 | 220620s9999||||xx |||||||||||||| ||und|| | ||
| 100 | _aRampino, Lucia||Mariani, Ilaria | ||
| 245 | 0 |
_aAdvancements in Design Research _b11 PhD theses on Design as we do in POLIMI |
|
| 546 | _aEnglish[eng] | ||
| 650 | _adesign research||design education||collaborative processes||cultural and creative companies||technology for social change | ||
| 856 | _uhttps://library.oapen.org/bitstream/20.500.12657/24725/1/376-99Z_Book%20Manuscript-1749-1-10-20190211.pdf||https://library.oapen.org/bitstream/20.500.12657/24725/1/376-99Z_Book%20Manuscript-1749-1-10-20190211.pdf||https://library.oapen.org/bitstream/20.500.12657/24725/1/376-99Z_Book%20Manuscript-1749-1-10-20190211.pdf | ||
| 942 | _cEB | ||
| 999 |
_c27108 _d27108 |
||